Statistics for Biology Bash #1

Click here to take the quiz!

General Stats

  • This quiz has been taken 27 times
  • The average score is 9 of 10

Answer Stats

HintAnswer% Correct
Who invented the theory of evolution?Charles Darwin
100%
What is the process of plants making food?Photosynthesis
100%
Is DNA made up of nucleotides or lipids?Nucleotides
96%
What do humans breathe in?Oxygen
96%
Are enzymes proteins or carbs?Proteins
96%
What do humans breathe out?Carbon dioxide
88%
Which process creates genetic variation, mitosis or meiosis?Meiosis
84%
What the first element of the periodic table?Hydrogen
80%
What is the main source of energy for all living things?Sun
72%
Where are proteins created in a cell?Ribosome
56%

Score Distribution

Percentile by Number Answered

Percent of People with Each Score

Your Score History

You have not taken this quiz